000 00811nam a22002417a 4500
003 UA-OsUOA
001 61274
007 ta
008 20090624b un ||||| |||| 00| 0 ukr d
090 _a821.16-1
_bХ91
942 _cBK
040 _aUA-OsUOA
_bukr
_cUA-OsUOA
_dUA-OsUOA
245 _aХрестоматія дитячої славістики
_cупорядник Н.О. Лисенко-Єржиківська,Т.П. Руда
300 _a256 с.
955 _a2
041 _aukr
080 _a821.16-1
020 _a978-966-208-2068-07-4
260 _aК.
_bУспіх і кар'єра
_c2008
246 3 1 _aСлов'янська поезія ХІХ-початку ХХ століття
_n
650 7 _a82 Література. Літературознавство
_2UDC
999 _c347267
_d347267